[Event "Torneo Zonal FIDE 2.5 Masculino 2011"]
[Site "Asuncion PAR"]
[Date "2011.05.17"]
[Round "2.13"]
[White "Lipiniks, Leonardo"]
[Black "Peralta, Eduardo"]
[Result "0-1"]
[WhiteElo "1852"]
[BlackElo "2237"]
[PlyCount "86"]
[EventDate "2011.05.16"]
[EventType "swiss"]
[EventRounds "9"]
[EventCountry "PAR"]
[Source "lmi"]
[SourceDate "2011.05.16"]

1. e4 g6 2. Nf3 Bg7 3. Bc4 d6 4. d4 Nf6 5. Qe2 O-O 6. Nc3 Bg4 7. h3 Bxf3 8.
Qxf3 Nc6 9. Be3 e5 10. d5 Nd4 11. Qd1 c5 12. dxc6 bxc6 13. O-O d5 14. Bd3 Ne6
15. Bd2 Rb8 16. Rb1 Qc7 17. Re1 Rbd8 18. Qc1 Rfe8 19. b4 Nh5 20. b5 d4 21. Ne2
c5 22. Bc4 Kh8 23. Qa3 Qe7 24. Qf3 Rf8 25. g4 Nhf4 26. Nxf4 exf4 27. a4 Ng5 28.
Qg2 f3 29. Bxg5 Qxg5 30. Qxf3 Be5 31. Re2 Rd6 32. a5 Rf6 33. Qg2 Bc7 34. e5
Bxe5 35. b6 axb6 36. axb6 Bb8 37. b7 Rd6 38. Qe4 f5 39. Qe5+ Rdf6 40. Qxc5 Qf4
41. Re6 fxg4 42. Rxf6 Rxf6 43. Qc8+ Kg7 0-1

[Event "Torneo Zonal FIDE 2.5 Masculino 2011"]
[Site "Asuncion PAR"]
[Date "2011.05.17"]
[Round "2.14"]
[White "Florentin, Damaso"]
[Black "Latorre, Matias"]
[Result "0-1"]
[WhiteElo "1743"]
[BlackElo "2197"]
[PlyCount "28"]
[EventDate "2011.05.16"]
[EventType "swiss"]
[EventRounds "9"]
[EventCountry "PAR"]
[Source "lmi"]
[SourceDate "2011.05.16"]

1. Nf3 g6 2. e3 Bg7 3. d4 d6 4. c4 Nd7 5. Nc3 e5 6. Be2 Ne7 7. Qc2 O-O 8. b3
exd4 9. exd4 Nf5 10. Qd3 c5 11. d5 Re8 12. Bg5 Ne5 13. Qd2 Nxf3+ 14. gxf3 Bxc3
0-1

[Event "Torneo Zonal FIDE 2.5 Masculino 2011"]
[Site "Asuncion PAR"]
[Date "2011.05.17"]
[Round "2.15"]
[White "Jodorcovsky Werjivker, Paulo"]
[Black "Roman, Rodrigo"]
[Result "1-0"]
[WhiteElo "2182"]
[BlackElo "1986"]
[PlyCount "35"]
[EventDate "2011.05.16"]
[EventType "swiss"]
[EventRounds "9"]
[EventCountry "PAR"]
[Source "lmi"]
[SourceDate "2011.05.16"]

1. e4 e6 2. d4 d5 3. Nc3 Nf6 4. e5 Nfd7 5. Nf3 c5 6. dxc5 Bxc5 7. Bd3 Nc6 8.
Bf4 a6 9. O-O b5 10. a3 Bb7 11. Bg3 h6 12. Qe2 Nd4 13. Nxd4 Bxd4 14. Qg4 Bxe5
15. Bxe5 Nxe5 16. Qxg7 Qg5 17. Qxh8+ Ke7 18. f4 1-0

[Event "Torneo Zonal FIDE 2.5 Masculino 2011"]
[Site "Asuncion PAR"]
[Date "2011.05.17"]
[Round "2.16"]
[White "Goiriz, Y Damian"]
[Black "Heinechen, John"]
[Result "1-0"]
[WhiteElo "2093"]
[BlackElo "1799"]
[PlyCount "99"]
[EventDate "2011.05.16"]
[EventType "swiss"]
[EventRounds "9"]
[EventCountry "PAR"]
[Source "lmi"]
[SourceDate "2011.05.16"]

1. Nf3 d6 2. d4 g6 3. g3 Bg7 4. Bg2 Nf6 5. O-O O-O 6. b3 c6 7. Bb2 Qa5 8. Nbd2
Qh5 9. e4 Bh3 10. Qe2 Nbd7 11. Rfe1 Ng4 12. Nh4 Bxg2 13. Kxg2 e5 14. dxe5 Bxe5
15. Bxe5 dxe5 16. h3 Ngf6 17. Qe3 Kh8 18. Nhf3 Ng8 19. Nc4 f6 20. Rad1 Nb6 21.
Nd6 Rab8 22. a4 Qh6 23. Qc5 Qg7 24. a5 Nc8 25. Nxc8 Rfxc8 26. Qxa7 c5 27. a6
Qc7 28. Nd2 bxa6 29. Qxa6 Ra8 30. Qe6 Ra2 31. Nc4 Ra7 32. Rd6 Rd8 33. Rc6 Qe7
34. Qxe7 Nxe7 35. Rxf6 Ra2 36. Re2 Kg7 37. Re6 Kf7 38. Rxe5 Nc6 39. Rxc5 Nd4
40. Rd2 Nxb3 41. cxb3 Rdxd2 42. Nxd2 Rxd2 43. Rc7+ Kg8 44. b4 Rd4 45. b5 Rb4
46. Rb7 Rxe4 47. Kf3 Rb4 48. b6 Rb2 49. Ke4 Rxf2 50. Rc7 1-0

[Event "Torneo Zonal FIDE 2.5 Masculino 2011"]
[Site "Asuncion PAR"]
[Date "2011.05.17"]
[Round "2.18"]
[White "Gamarra, Ramon"]
[Black "Saldana, Fernando Javier"]
[Result "1-0"]
[WhiteElo "2009"]
[BlackElo "1742"]
[PlyCount "145"]
[EventDate "2011.05.16"]
[EventType "swiss"]
[EventRounds "9"]
[EventCountry "PAR"]
[Source "lmi"]
[SourceDate "2011.05.16"]

1. Nf3 d5 2. d4 Nf6 3. g3 g6 4. Bg2 Bg7 5. O-O O-O 6. c4 c6 7. Nc3 e6 8. b3
Nbd7 9. Qc2 b6 10. Rd1 Bb7 11. Bg5 h6 12. Bf4 Qe7 13. Rac1 Rac8 14. Qb1 Rfd8
15. h3 Ba8 16. g4 g5 17. Bg3 Re8 18. Re1 Qd8 19. Rcd1 Qe7 20. Qd3 Bb7 21. e4
dxe4 22. Nxe4 Nxe4 23. Qxe4 Nf6 24. Qb1 Qa3 25. Ne5 Nh7 26. Nxf7 Kxf7 27. Qxh7
Rh8 28. Qb1 Rhe8 29. Re3 Rcd8 30. Red3 Qe7 31. Qc2 Kg8 32. Qe2 Qd7 33. Kh2 Bf8
34. Qe4 Qh7 35. Qe3 Bd6 36. f4 Bxf4 37. Bxf4 gxf4 38. Qxf4 Rf8 39. Qe5 Qd7 40.
Kg1 Qd6 41. Qe4 Kg7 42. Qe2 Rf4 43. b4 Ba6 44. Qb2 Kg8 45. b5 cxb5 46. cxb5 Bc8
47. Kh1 Rdf8 48. R3d2 Qe7 49. Qc2 Kg7 50. Re2 Qf7 51. Qc3 Qf6 52. Qe3 Bd7 53.
a4 Rf7 54. Rc2 a6 55. Rb2 axb5 56. axb5 Rf2 57. Rxf2 Qxf2 58. Qe5+ Qf6 59. Bc6
Bc8 60. Rf1 Qxe5 61. Rxf7+ Kxf7 62. dxe5 Kg6 63. h4 Kg7 64. Kg2 Kg6 65. Kg3 Kg7
66. Kf4 Kf7 67. h5 Kg7 68. g5 Kh7 69. Be4+ Kg7 70. Bc6 Kh7 71. gxh6 Kxh6 72.
Kg4 Kg7 73. Kg5 1-0

[Event "Torneo Zonal FIDE 2.5 Masculino 2011"]
[Site "Asuncion PAR"]
[Date "2011.05.18"]
[Round "3.2"]
[White "Rodriguez Vila, Andres"]
[Black "Hobaica, Juan Pablo"]
[Result "1/2-1/2"]
[WhiteElo "2527"]
[BlackElo "2407"]
[PlyCount "131"]
[EventDate "2011.05.16"]
[EventType "swiss"]
[EventRounds "9"]
[EventCountry "PAR"]
[Source "lmi"]
[SourceDate "2011.05.16"]

1. e4 c5 2. Nf3 d6 3. d4 cxd4 4. Nxd4 Nf6 5. Nc3 Nc6 6. f3 e6 7. Be3 Be7 8. Qd2
a6 9. g4 Qc7 10. O-O-O O-O 11. Kb1 Nxd4 12. Qxd4 b5 13. g5 Nd7 14. h4 Ne5 15.
f4 Nc6 16. Qd2 b4 17. Ne2 Rd8 18. h5 d5 19. e5 Bf8 20. Nd4 Nxd4 21. Bxd4 a5 22.
Qf2 Qd7 23. g6 fxg6 24. hxg6 h6 25. Bb6 Re8 26. Bg2 Bb7 27. Rh5 a4 28. f5 exf5
29. Rxf5 b3 30. Rf7 bxc2+ 31. Qxc2 Re7 32. Rdf1 Qe6 33. Bc5 Rxf7 34. gxf7+ Kh8
35. a3 Rc8 36. Bxf8 Rxf8 37. Qc7 Qg6+ 38. Ka2 Qxg2 39. Qe7 Rxf7 40. Rxf7 Ba6
41. Qf8+ Kh7 42. Rf2 Bc4+ 43. b3 Bxb3+ 44. Kb2 Qe4 45. Qf5+ Qxf5 46. Rxf5 d4
47. Rf4 g5 48. Rxd4 h5 49. Kc3 Kg6 50. Rd6+ Kf5 51. Kd4 g4 52. Rf6+ Kg5 53. Ke4
Bc2+ 54. Ke3 h4 55. Rc6 Bb3 56. e6 Kf6 57. e7+ Kxe7 58. Rh6 h3 59. Kf4 Be6 60.
Kg3 Kd6 61. Rh5 Bd7 62. Ra5 Kc7 63. Ra7+ Kc8 64. Kh2 Kd8 65. Kg3 Ke7 66. Ra6
1/2-1/2

[Event "Torneo Zonal FIDE 2.5 Masculino 2011"]
[Site "Asuncion PAR"]
[Date "2011.05.18"]
[Round "3.3"]
[White "Pierrot, Facundo"]
[Black "Flores, Diego"]
[Result "1/2-1/2"]
[WhiteElo "2449"]
[BlackElo "2611"]
[PlyCount "109"]
[EventDate "2011.05.16"]
[EventType "swiss"]
[EventRounds "9"]
[EventCountry "PAR"]
[Source "lmi"]
[SourceDate "2011.05.16"]

1. e4 g6 2. d4 Bg7 3. Nf3 d6 4. Nc3 a6 5. a4 b6 6. Be2 Bb7 7. O-O e6 8. Bg5 Ne7
9. Qd2 h6 10. Be3 Nd7 11. Rfe1 g5 12. h4 g4 13. Nh2 Nf6 14. Bxg4 Nxe4 15. Nxe4
Bxe4 16. c4 d5 17. cxd5 Bxd5 18. Rac1 h5 19. Bf3 Nf5 20. g3 Bf6 21. Bg5 Bxg5
22. hxg5 h4 23. g4 Ne7 24. Qc3 Ng6 25. Qxc7 Qxg5 26. Bxd5 Qxd5 27. Qc6+ Qxc6
28. Rxc6 Kd7 29. Rxb6 Rhb8 30. Rxb8 Rxb8 31. Re2 Rb4 32. Nf3 Rxa4 33. Kh2 Kd8
34. Ng5 Ke7 35. Rc2 Rxd4 36. Rc7+ Kf6 37. Nxf7 Rxg4 38. Nd6 Nf4 39. Rf7+ Kg6
40. f3 Rg2+ 41. Kh1 Rd2 42. Rxf4 Rxd6 43. Rxh4 Rd1+ 44. Kg2 Rd2+ 45. Kg3 Rxb2
46. Ra4 Rb6 47. Kf4 Kf6 48. Ke4 Rd6 49. f4 Rc6 50. Ra5 Ke7 51. f5 exf5+ 52.
Rxf5 Rd6 53. Re5+ Kd7 54. Rd5 Rxd5 55. Kxd5 1/2-1/2

[Event "Torneo Zonal FIDE 2.5 Masculino 2011"]
[Site "Asuncion PAR"]
[Date "2011.05.18"]
[Round "3.4"]
[White "Mareco, Sandro"]
[Black "Toniutti, Ezio"]
[Result "1-0"]
[WhiteElo "2591"]
[BlackElo "2133"]
[PlyCount "65"]
[EventDate "2011.05.16"]
[EventType "swiss"]
[EventRounds "9"]
[EventCountry "PAR"]
[Source "lmi"]
[SourceDate "2011.05.16"]

1. d4 d5 2. c4 c6 3. Nf3 Nf6 4. Nc3 dxc4 5. a4 Bf5 6. Ne5 Nbd7 7. Nxc4 Qc7 8.
g3 e5 9. dxe5 Nxe5 10. Bf4 Nfd7 11. Bg2 f6 12. O-O O-O-O 13. Rc1 Nc5 14. Qe1 a5
15. Nb5 cxb5 16. axb5 b6 17. b4 axb4 18. Qxb4 Bd6 19. Bxe5 fxe5 20. Bc6 Bd7 21.
Rfd1 Bxc6 22. bxc6 Qxc6 23. Nxb6+ Kc7 24. Nd5+ Kc8 25. Qa5 Rhe8 26. Nb4 Qc7 27.
Qa8+ Qb8 28. Qc6+ Qc7 29. Rxd6 Rxd6 30. Qxe8+ Kb7 31. Nd3 Rc6 32. Nxe5 Rb6 33.
Nd3 1-0

[Event "Torneo Zonal FIDE 2.5 Masculino 2011"]
[Site "Asuncion PAR"]
[Date "2011.05.18"]
[Round "3.5"]
[White "Lujan, Carolina"]
[Black "Felgaer, Ruben"]
[Result "0-1"]
[WhiteElo "2353"]
[BlackElo "2570"]
[PlyCount "118"]
[EventDate "2011.05.16"]
[EventType "swiss"]
[EventRounds "9"]
[EventCountry "PAR"]
[Source "lmi"]
[SourceDate "2011.05.16"]

1. e4 c5 2. Nf3 d6 3. d4 cxd4 4. Nxd4 Nf6 5. Nc3 g6 6. Be2 Bg7 7. O-O Nc6 8.
Be3 O-O 9. Qd2 Bd7 10. f3 Rc8 11. Rad1 a6 12. Nxc6 Bxc6 13. Nd5 Nxd5 14. exd5
Ba4 15. Bd3 Qd7 16. Rb1 Bb5 17. Rf2 Bc4 18. Bxc4 Rxc4 19. c3 b5 20. Re2 Bf6 21.
Rbe1 Qf5 22. a3 h5 23. Bf2 a5 24. Re4 Rfc8 25. Qd3 Rb8 26. g4 hxg4 27. fxg4 Qd7
28. Bd4 Bxd4+ 29. Rxd4 Rbc8 30. Ree4 Rxd4 31. Rxd4 Rc4 32. h3 Rc8 33. h4 e5 34.
dxe6 Qxe6 35. Re4 Qf6 36. Qxb5 Qxh4 37. Re8+ Kg7 38. Rxc8 Qxg4+ 39. Kf2 Qxc8
40. Qxa5 Qh3 41. Qb4 Qh2+ 42. Kf3 g5 43. Kg4 Kh6 44. Kf3 f5 45. Qb8 g4+ 46. Ke3
Qe5+ 47. Kf2 Kg5 48. a4 Qf4+ 49. Kg1 Qc1+ 50. Kg2 Qd2+ 51. Kg1 Kf4 52. c4 Qc1+
53. Kg2 Qc2+ 54. Kf1 Kf3 55. Qb7+ Kg3 56. Ke1 f4 57. Qb6 Qc1+ 58. Ke2 f3+ 59.
Kd3 Qd1+ 0-1

[Event "Torneo Zonal FIDE 2.5 Masculino 2011"]
[Site "Asuncion PAR"]
[Date "2011.05.18"]
[Round "3.7"]
[White "Latorre, Matias"]
[Black "Roselli Mailhe, Bernardo"]
[Result "1-0"]
[WhiteElo "2197"]
[BlackElo "2437"]
[PlyCount "69"]
[EventDate "2011.05.16"]
[EventType "swiss"]
[EventRounds "9"]
[EventCountry "PAR"]
[Source "lmi"]
[SourceDate "2011.05.16"]

1. d4 Nf6 2. c4 g6 3. g3 Bg7 4. Bg2 O-O 5. Nf3 d6 6. Nc3 Nc6 7. O-O a6 8. h3
Rb8 9. e4 b5 10. cxb5 axb5 11. Re1 Nb4 12. Bf1 Bd7 13. a3 Na6 14. a4 b4 15. Nd5
Nxd5 16. exd5 Qc8 17. Kh2 e6 18. Bf4 b3 19. Rc1 Re8 20. dxe6 fxe6 21. Bxd6 Bxa4
22. Be5 Bb5 23. Bxb5 Rxb5 24. Qe2 Ra5 25. Rc4 Re7 26. Rec1 Bh6 27. R1c3 Qb7 28.
Rc6 Rf7 29. Rxe6 Qd5 30. Re8+ Bf8 31. Ng5 Re7 32. Ne4 Rf7 33. Rf3 Ra1 34. Rxf7
Kxf7 35. Qf3+ 1-0

[Event "Torneo Zonal FIDE 2.5 Masculino 2011"]
[Site "Asuncion PAR"]
[Date "2011.05.18"]
[Round "3.8"]
[White "Larrea, Manuel"]
[Black "Jimenez, Joaquin"]
[Result "1/2-1/2"]
[WhiteElo "2299"]
[BlackElo "2224"]
[PlyCount "46"]
[EventDate "2011.05.16"]
[EventType "swiss"]
[EventRounds "9"]
[EventCountry "PAR"]
[Source "lmi"]
[SourceDate "2011.05.16"]

1. c4 Nf6 2. Nc3 g6 3. g3 Bg7 4. Bg2 O-O 5. e3 e5 6. Nge2 d6 7. O-O Nc6 8. b3
Be6 9. Nd5 Qd7 10. d4 exd4 11. exd4 Bg4 12. f3 Bf5 13. Nxf6+ Bxf6 14. g4 Rfe8
15. Bb2 Qe7 16. Rf2 Bd7 17. Nf4 Nb4 18. Re2 Qf8 19. a3 Qh6 20. Bc1 Qg7 21. Bb2
Qh6 22. Bc1 Qg7 23. Bb2 Qh6 1/2-1/2

[Event "Torneo Zonal FIDE 2.5 Masculino 2011"]
[Site "Asuncion PAR"]
[Date "2011.05.18"]
[Round "3.10"]
[White "Mayorga, Nicolas"]
[Black "Jodorcovsky Werjivker, Paulo"]
[Result "1-0"]
[WhiteElo "2293"]
[BlackElo "2182"]
[PlyCount "133"]
[EventDate "2011.05.16"]
[EventType "swiss"]
[EventRounds "9"]
[EventCountry "PAR"]
[Source "lmi"]
[SourceDate "2011.05.16"]

1. d4 d5 2. c4 e6 3. Nf3 c6 4. Qc2 dxc4 5. Qxc4 b5 6. Qc2 Bb7 7. Bg5 Qb6 8. e3
Nd7 9. Nbd2 Rc8 10. a4 a6 11. a5 Qa7 12. Be2 c5 13. dxc5 Qxc5 14. Qd1 Ngf6 15.
O-O Be7 16. Rc1 Qxc1 17. Qxc1 Rxc1 18. Rxc1 Bd8 19. Nb3 O-O 20. Nfd4 Bd5 21.
Bf3 Ne5 22. Bxd5 Nxd5 23. Bxd8 Rxd8 24. Nc5 Rc8 25. Ndb3 Nb4 26. Nb7 Rxc1+ 27.
Nxc1 Nbd3 28. Nxd3 Nxd3 29. b3 Kf8 30. Kf1 Ke7 31. Ke2 Nb4 32. Kd2 e5 33. Kc3
Nd5+ 34. Kd3 Nc7 35. f4 exf4 36. exf4 Nd5 37. g3 Nc7 38. Kd4 Kd7 39. Kc5 Na8
40. Nd6 f6 41. Nf5 g6 42. Ne3 Nc7 43. Kb6 Kd6 44. Nc2 f5 45. Kb7 h6 46. Nb4 g5
47. h3 gxf4 48. gxf4 Ne6 49. Kxa6 Nxf4 50. Kxb5 Ne6 51. a6 f4 52. Nd3 Kd7 53.
b4 f3 54. Ka5 Ng5 55. Nf2 Ne6 56. b5 Nd4 57. b6 Kc6 58. a7 Kb7 59. Ne4 Ne6 60.
Kb5 h5 61. h4 Nd4+ 62. Kc4 Nf5 63. Kb5 Nd4+ 64. Kc4 Nf5 65. Nc5+ Ka8 66. Kd3
Nxh4 67. Ne6 1-0

[Event "Torneo Zonal FIDE 2.5 Masculino 2011"]
[Site "Asuncion PAR"]
[Date "2011.05.18"]
[Round "3.11"]
[White "Torres, Mauricio"]
[Black "Sabas, Jorge"]
[Result "0-1"]
[WhiteElo "1724"]
[BlackElo "2267"]
[PlyCount "44"]
[EventDate "2011.05.16"]
[EventType "swiss"]
[EventRounds "9"]
[EventCountry "PAR"]
[Source "lmi"]
[SourceDate "2011.05.16"]

1. e4 c6 2. d4 d5 3. e5 Bf5 4. Nc3 e6 5. g4 Bg6 6. Nge2 c5 7. Be3 Nc6 8. h4
cxd4 9. Bxd4 h5 10. Nf4 Be4 11. Nxe4 dxe4 12. Bc3 hxg4 13. Bg2 Qxd1+ 14. Rxd1
Be7 15. h5 Bg5 16. Ne2 e3 17. Bxc6+ bxc6 18. Nd4 Ne7 19. fxe3 Bxe3 20. Rd3 Nd5
21. Nxc6 g3 22. Bd4 g2 0-1

[Event "Torneo Zonal FIDE 2.5 Masculino 2011"]
[Site "Asuncion PAR"]
[Date "2011.05.18"]
[Round "3.12"]
[White "Avalos Parra, Joao"]
[Black "Goiriz, Y Damian"]
[Result "1/2-1/2"]
[WhiteElo "2251"]
[BlackElo "2093"]
[PlyCount "81"]
[EventDate "2011.05.16"]
[EventType "swiss"]
[EventRounds "9"]
[EventCountry "PAR"]
[Source "lmi"]
[SourceDate "2011.05.16"]

1. c4 e6 2. g3 Nf6 3. Bg2 d5 4. Nf3 Be7 5. O-O O-O 6. b3 b6 7. Bb2 Bb7 8. e3 c5
9. Qe2 Nc6 10. Rd1 dxc4 11. bxc4 Qc7 12. Nc3 Ne5 13. Nb5 Nxf3+ 14. Bxf3 Bxf3
15. Qxf3 Qc8 16. d4 cxd4 17. Nxd4 Qc7 18. g4 Rac8 19. Rac1 a6 20. Qg2 Nd7 21.
f4 Bf6 22. Qf3 e5 23. Nf5 exf4 24. Rxd7 Qxd7 25. Bxf6 gxf6 26. Qxf4 Rc5 27. Nh4
Kg7 28. Rf1 Qe6 29. Nf5+ Kh8 30. Nd4 Qe5 31. Qxe5 fxe5 32. Ne6 Rfc8 33. Nxc5
Rxc5 34. Rxf7 Rxc4 35. Rf6 Rxg4+ 36. Kf2 Rg6 37. Rf5 Re6 38. Rf7 Kg8 39. Ra7 h5
40. Kf3 Rh6 41. Ke4 1/2-1/2

[Event "Torneo Zonal FIDE 2.5 Masculino 2011"]
[Site "Asuncion PAR"]
[Date "2011.05.18"]
[Round "3.13"]
[White "Peralta, Eduardo"]
[Black "Gamarra, Ramon"]
[Result "1-0"]
[WhiteElo "2237"]
[BlackElo "2009"]
[PlyCount "119"]
[EventDate "2011.05.16"]
[EventType "swiss"]
[EventRounds "9"]
[EventCountry "PAR"]
[Source "lmi"]
[SourceDate "2011.05.16"]

1. d4 Nf6 2. c4 g6 3. Nc3 Bg7 4. e4 d6 5. Nge2 Nbd7 6. Ng3 e5 7. d5 a5 8. Be2
h5 9. h4 Nc5 10. Bg5 Bd7 11. Qd2 Qc8 12. O-O Ng4 13. f3 Nh6 14. Rad1 f6 15. Be3
b6 16. f4 exf4 17. Rxf4 Ng4 18. Bxg4 Bxg4 19. Rdf1 Nd7 20. Nb5 O-O 21. Nd4 Ne5
22. b3 a4 23. Nc6 Qd7 24. Nxe5 dxe5 25. R4f2 axb3 26. axb3 Ra3 27. Qb4 Rfa8 28.
c5 bxc5 29. Bxc5 Ra1 30. Qc4 Qf7 31. Be3 Kh7 32. b4 R8a3 33. Rxa1 Rxa1+ 34. Kh2
Ra3 35. Bc1 Ra4 36. Rc2 Qe7 37. Qxc7 Qxb4 38. d6 Qd4 39. Qe7 Ra7 40. Rc7 Rxc7
41. dxc7 Qc4 42. Be3 Be6 43. Qd8 Qc6 44. Bd2 Qc4 45. Qe7 Bc8 46. Be3 Bb7 47.
Bc5 Bc8 48. Qd8 Qe6 49. Be7 Ba6 50. Bf8 Bxf8 51. Qxf8 Bc8 52. Ne2 f5 53. exf5
gxf5 54. Ng3 e4 55. Nxh5 Qe5+ 56. g3 Qxc7 57. Nf4 e3 58. Qe8 Qc3 59. h5 Qb2+
60. Kh3 1-0

[Event "Torneo Zonal FIDE 2.5 Masculino 2011"]
[Site "Asuncion PAR"]
[Date "2011.05.18"]
[Round "3.14"]
[White "Bachmann, Axel"]
[Black "Daneri, Martin"]
[Result "1-0"]
[WhiteElo "2551"]
[BlackElo "2095"]
[PlyCount "99"]
[EventDate "2011.05.16"]
[EventType "swiss"]
[EventRounds "9"]
[EventCountry "PAR"]
[Source "lmi"]
[SourceDate "2011.05.16"]

1. Nf3 f5 2. g3 Nf6 3. Bg2 e6 4. O-O d5 5. d4 Bd6 6. c4 c6 7. b3 Qe7 8. a4 a5
9. Ba3 Bxa3 10. Nxa3 Nbd7 11. e3 O-O 12. Qc2 Ne4 13. Rfc1 g5 14. Nb1 g4 15. Ne1
e5 16. cxd5 cxd5 17. Nc3 Ndf6 18. dxe5 Qxe5 19. Nd3 Qe7 20. Nf4 Be6 21. Qb2
Rac8 22. h3 Qf7 23. Nb5 Bd7 24. Qd4 Bc6 25. Na7 Rb8 26. Rc2 Nh5 27. Nxh5 Qxh5
28. Nxc6 bxc6 29. Rxc6 Rbd8 30. Rc7 Rf7 31. hxg4 Qxg4 32. Rxf7 Kxf7 33. f3 Qxg3
34. fxe4 dxe4 35. Qc4+ Kf6 36. Qc3+ Ke6 37. Rf1 Rd3 38. Qc6+ Ke7 39. Qc5+ Ke8
40. Rxf5 Qe1+ 41. Rf1 Qxe3+ 42. Qxe3 Rxe3 43. Rb1 h5 44. Kf2 Rc3 45. Bxe4 h4
46. Re1 Kd8 47. Re3 Rc5 48. Rh3 Rh5 49. Rd3+ Kc7 50. Rd5 1-0

[Event "Torneo Zonal FIDE 2.5 Masculino 2011"]
[Site "Asuncion PAR"]
[Date "2011.05.18"]
[Round "3.15"]
[White "Mesias Rojas, Rabindranath"]
[Black "Vazquez, Guilermo"]
[Result "0-1"]
[WhiteElo "2205"]
[BlackElo "2199"]
[PlyCount "104"]
[EventDate "2011.05.16"]
[EventType "swiss"]
[EventRounds "9"]
[EventCountry "PAR"]
[Source "lmi"]
[SourceDate "2011.05.16"]

1. e4 c5 2. Nf3 e6 3. c3 Nf6 4. e5 Nd5 5. d4 cxd4 6. cxd4 d6 7. a3 Bd7 8. Bd3
Bc6 9. O-O Nd7 10. b4 a6 11. Nbd2 Nc3 12. Qb3 Rc8 13. Qxc3 Bxf3 14. Qb2 Bc6 15.
Be4 dxe5 16. dxe5 Be7 17. f4 O-O 18. Kh1 Nb6 19. Bxc6 Rxc6 20. Nf3 Qd3 21. Rg1
Nc4 22. Qb1 Rd8 23. b5 axb5 24. Qxd3 Rxd3 25. Rb1 Rd5 26. Rb3 Ra6 27. g3 Bxa3
28. Bxa3 Rxa3 29. Rgb1 Rxb3 30. Rxb3 Kf8 31. Kg2 Ke7 32. g4 h6 33. h4 g6 34.
Kg3 Na5 35. Rb2 Nc6 36. h5 gxh5 37. gxh5 f6 38. exf6+ Kxf6 39. Kg4 b4 40. Nd2
Rd4 41. Nf3 Rd8 42. Nd2 Rd3 43. Ne4+ Ke7 44. f5 e5 45. f6+ Kf7 46. Rf2 b3 47.
Nc5 Rd4+ 48. Kg3 Rb4 49. Nd3 Rc4 50. Ne1 Rc1 51. Ng2 Rc2 52. Rf3 Nd4 0-1

[Event "Torneo Zonal FIDE 2.5 Masculino 2011"]
[Site "Asuncion PAR"]
[Date "2011.05.18"]
[Round "3.16"]
[White "Roman, Rodrigo"]
[Black "Florentin, Damaso"]
[Result "0-1"]
[WhiteElo "1986"]
[BlackElo "1743"]
[PlyCount "136"]
[EventDate "2011.05.16"]
[EventType "swiss"]
[EventRounds "9"]
[EventCountry "PAR"]
[Source "lmi"]
[SourceDate "2011.05.16"]

1. d4 d6 2. c4 c6 3. g3 Bg4 4. Bg2 Qc7 5. h3 Bh5 6. Nf3 e5 7. d5 Nf6 8. O-O c5
9. Nc3 a6 10. Nh4 Bg6 11. f4 exf4 12. gxf4 Nbd7 13. e4 Bh5 14. Qc2 O-O-O 15.
Be3 Re8 16. Bf2 Be7 17. Rae1 Bg6 18. Nxg6 hxg6 19. Bg3 Nh5 20. Bh2 Bh4 21. Rd1
Bg3 22. e5 g5 23. Ne4 Bxh2+ 24. Kxh2 dxe5 25. d6 Qb6 26. Nxg5 Nxf4 27. Nxf7
Rhf8 28. Ng5 Rf6 29. Ne4 Rh6 30. Qd2 g5 31. Nxg5 Rg8 32. Rxf4 exf4 33. Qxf4 Rf6
34. Qd2 Rfg6 35. h4 Rh8 36. Kh3 Rgh6 37. Nf7 Rxh4+ 38. Kg3 Rd4 39. Qe2 Rg8+ 40.
Kh2 Rxd1 41. Qxd1 Qxb2 42. Qd5 Rg7 43. Qe4 Kb8 44. Nd8 Qe5+ 45. Qxe5 Nxe5 46.
Ne6 Rd7 47. Nxc5 Rxd6 48. Nxb7 Rd2 49. Nc5 Rxa2 50. Kg3 Nxc4 51. Bf1 Ra3+ 52.
Kf2 Nd2 53. Nxa6+ Ka7 54. Nc5 Kb6 55. Ne6 Ne4+ 56. Kg2 Rg3+ 57. Kh2 Rg6 58. Nf4
Rh6+ 59. Kg2 Kc5 60. Nd3+ Kd4 61. Nf4 Rf6 62. Nh5 Rf2+ 63. Kg1 Rf5 64. Be2 Ke3
65. Bd1 Rg5+ 66. Kh2 Nf2 67. Bf3 Kxf3 68. Nf4 Ng4+ 0-1

[Event "Torneo Zonal FIDE 2.5 Masculino 2011"]
[Site "Asuncion PAR"]
[Date "2011.05.18"]
[Round "3.17"]
[White "Heinechen, John"]
[Black "Lipiniks, Leonardo"]
[Result "1/2-1/2"]
[WhiteElo "1799"]
[BlackElo "1852"]
[PlyCount "92"]
[EventDate "2011.05.16"]
[EventType "swiss"]
[EventRounds "9"]
[EventCountry "PAR"]
[Source "lmi"]
[SourceDate "2011.05.16"]

1. e4 e5 2. Nf3 Nc6 3. Bc4 Bc5 4. c3 Nf6 5. d4 exd4 6. cxd4 Bb4+ 7. Nc3 Nxe4 8.
O-O Bxc3 9. d5 Bf6 10. Re1 Ne7 11. Rxe4 d6 12. Qe2 O-O 13. g4 Ng6 14. g5 Be5
15. Nh4 f5 16. Nxg6 fxe4 17. Nxf8 Qxf8 18. Qxe4 Bf5 19. Qe3 g6 20. a4 Qg7 21.
Qb3 b6 22. a5 Rf8 23. axb6 axb6 24. Ra7 Bd4 25. Be3 Bxe3 26. Qxe3 Qxb2 27. Rxc7
Qb1+ 28. Bf1 Qe4 29. Bg2 Qa4 30. h3 Re8 31. Qc3 Re5 32. Rc6 Qf4 33. Rxb6 Qxg5
34. Rxd6 Bxh3 35. Qxh3 Qc1+ 36. Kh2 Rh5 37. Qxh5 gxh5 38. Rc6 Qg5 39. d6 Qe5+
40. Kg1 Qa1+ 41. Kh2 Qe5+ 42. Kh3 Qf5+ 43. Kg3 Qe5+ 44. f4 h4+ 45. Kg4 h5+ 46.
Kxh4 Qxf4+ 1/2-1/2

[Event "Torneo Zonal FIDE 2.5 Masculino 2011"]
[Site "Asuncion PAR"]
[Date "2011.05.19"]
[Round "4.3"]
[White "Felgaer, Ruben"]
[Black "Rodriguez Vila, Andres"]
[Result "1-0"]
[WhiteElo "2570"]
[BlackElo "2527"]
[PlyCount "73"]
[EventDate "2011.05.16"]
[EventType "swiss"]
[EventRounds "9"]
[EventCountry "PAR"]
[Source "lmi"]
[SourceDate "2011.05.16"]

1. e4 e6 2. d4 d5 3. Nc3 Nf6 4. Bg5 Be7 5. e5 Nfd7 6. Bxe7 Qxe7 7. f4 Nb6 8.
Nf3 Bd7 9. Qd2 a6 10. Bd3 Nc6 11. O-O O-O-O 12. a3 h6 13. Ne2 Na7 14. b3 Bb5
15. f5 Bxd3 16. Qxd3 Rhg8 17. Nf4 Qe8 18. c4 dxc4 19. bxc4 exf5 20. Rab1 Qc6
21. Qxf5+ Kb8 22. Rfc1 g5 23. Nd3 Qg6 24. Qxg6 Rxg6 25. d5 Nc6 26. e6 Na5 27.
Nfe5 Naxc4 28. Nxc4 Nxc4 29. Rxc4 Rxd5 30. Nc5 fxe6 31. Nxa6+ Ka7 32. Nxc7 Rd2
33. Rcb4 b6 34. Rxb6 Rd1+ 35. Rxd1 Kxb6 36. Ne8 Kb5 37. Rd6 1-0

[Event "Torneo Zonal FIDE 2.5 Masculino 2011"]
[Site "Asuncion PAR"]
[Date "2011.05.19"]
[Round "4.4"]
[White "Flores, Diego"]
[Black "Mayorga, Nicolas"]
[Result "1/2-1/2"]
[WhiteElo "2611"]
[BlackElo "2293"]
[PlyCount "56"]
[EventDate "2011.05.16"]
[EventType "swiss"]
[EventRounds "9"]
[EventCountry "PAR"]
[Source "lmi"]
[SourceDate "2011.05.16"]

1. c4 e5 2. Nc3 Bb4 3. g3 Bxc3 4. bxc3 Nc6 5. Bg2 d6 6. d3 Nge7 7. f4 O-O 8.
Nf3 f6 9. O-O Be6 10. e4 a6 11. a4 a5 12. f5 Bd7 13. g4 Qe8 14. Qb3 Nd8 15. c5+
Qf7 16. Qxf7+ Nxf7 17. cxd6 Nxd6 18. Ba3 Nec8 19. d4 Re8 20. Nd2 Nf7 21. Rfb1
Nb6 22. d5 Reb8 23. d6 Nxa4 24. dxc7 Rc8 25. Rxb7 Bc6 26. Rab1 Nxc3 27. R1b6
Bxb7 28. Rxb7 Ra6 1/2-1/2